| 000 | 00488nam a2200205Ia 4500 | ||
|---|---|---|---|
| 008 | 210210b1930 xxu||||| |||| 00| 0 eng d | ||
| 041 | _aeng | ||
| 082 | _a320/661 | ||
| 100 | _a- | ||
| 245 | _aLeague of nations its constitution and organisation | ||
| 260 |
_aGeneva _bLeague of Nations _c1930 |
||
| 300 | _a68 | ||
| 650 | _aorganisation | ||
| 650 | _anations | ||
| 650 | _aLeague | ||
| 650 | _aits | ||
| 650 | _aconstitution | ||
| 690 | _aPolitical Science | ||
| 906 | _a003292 | ||
| 999 |
_c120926 _d120926 |
||